| 000 | 00587nam a22002057a 4500 | ||
|---|---|---|---|
| 003 | OSt | ||
| 005 | 20140310181808.0 | ||
| 008 | 130704t xxu||||| |||| 00| 0 eng d | ||
| 020 | _a0600615383 | ||
| 050 |
_aAG 243 _b.As819 2007 |
||
| 082 |
_aREF 031.02 _bAs3 2007 |
||
| 245 |
_aTop 10 of Everything _cRussel Ash |
||
| 260 |
_aGreat Britain : _bHamlyn, _cc2007. |
||
| 300 |
_a256 p. : _bill. col. ; _c29 cm. |
||
| 520 | _a1. Curiosities and wonders--World record--Miscellanea. | ||
| 521 | _aBasic Ed. Students | ||
| 541 | _j1 | ||
| 562 | _e1 | ||
| 942 |
_2lcc _cBK-GR _kREF |
||
| 999 |
_c3843 _d3843 |
||